| 000 | 00984cam a22002531 4500 | ||
|---|---|---|---|
| 001 | sd 40000092 | ||
| 003 | DLC | ||
| 005 | 20260227112733.0 | ||
| 008 | 810108s1936 ii ab b 000 0 fre c | ||
| 010 | _asd 40000092 | ||
| 035 | _a(OCoLC)7051278 | ||
| 040 |
_aU.S. Dept. of State. Libr. _cOCl _dDLC |
||
| 042 | _apremarc | ||
| 050 | 0 | 0 |
_aD21.5 _b.R6 |
| 100 | 1 | _aRónai, András. | |
| 245 | 1 | 0 |
_aBiographie des frontières politiques du centre-est européen; _bétude politico-géographique consacrée à l'histoire des frontière, _cpar André Rónai ... |
| 260 |
_aBudapest, _bÉdition de l'Institut des sciences politiques de la Société hongroise de statistique _a[Karcag, _bKertesz-Józef könyvnyomdája] _c1936. |
||
| 300 |
_aiv, 140 p. _billus. (incl. maps) diagrs. _c24 cm. |
||
| 500 | _aMaps on lining papers. | ||
| 504 | _aBibliography: p. [133]-140. | ||
| 651 | 0 |
_aEurope _xHistorical geography. |
|
| 650 | 0 | _aBoundaries. | |
| 651 | 0 |
_aEurope _xPolitics and government. |
|
| 999 |
_c89843 _d89843 |
||